000 00649nam a2200265Ia 4500
005 20260121165740.0
008 008 260114s9999 xx 000 0 eng d
020 _a9789811005978
037 _aEBOOK
040 _aCRL
040 _beng
040 _cCRL
041 _2eng
041 _aeng
084 _qCRL
100 _aZuozhen Liu
_91055567
245 4 _aThe Case for Repatriating China’s Cultural Objects
260 _bSpringer
260 _bSpringer
260 _c2016
856 _uhttps://link.springer.com/openurl?genre=book&isbn=978-981-10-0597-8
942 _cEBOOK
999 _c1621295
_d1621295